Buchstabenrätsel: Von Jet zu Punk - Statistiken

Allgemein
  • Dieses Quiz wurde 1.784 mal gespielt
  • Das Durchschnittsergebnis liegt bei 24 aus 40
Antwortstatistiken
Hinweis Antwort % Korrekt
Flugzeug mit Strahltriebwerk Jet
95%
Binnengewässer See
86%
ein Satz gleicher Dinge Set
85%
Gesichtsbehaarung (einen Buchstaben hinzufügen) Bart
83%
Lokal, Kneipe Bar
80%
Musikrichtung Punk
77%
in Kürze Bald
72%
Farbton Pink
72%
Abstimmung Wahl
72%
Pflanzenformation, Forst Wald
72%
geriebenes Getreide Mehl
69%
chemisches Element Bor
68%
zubereitete Speise Mahl
68%
Verbindung, Verknüpfung Link
65%
Stadt in Österreich Linz
63%
Damm, Deich Wall
63%
Schlittenart Bob
62%
Windschatten Lee
61%
Zugmaschine (kurz) Lok
61%
deutscher Ingenieur und Automobilpionier (Carl) Benz
60%
Körperteil Bein
59%
Insel in Indonesien Bali
57%
Ausbildung (ugs.) Lehre
57%
europäische Hauptstadt Bern
55%
Inhaltslosigkeit Leere
55%
Auszeichnung Lob
54%
Rückenstütze Lehne
53%
Frühling (poet.) Lenz
53%
Raubgewinn Beute
52%
Stadt in Italien Bari
51%
Schwellung, Ausbuchtung Beule
51%
Teil des Halses (einen Buchstaben hinzufügen) Kehle
51%
Schlagwaffe Keule
49%
albanische Währung Lek
48%
Stadt in Baden-Württemberg Kehl
44%
Fruchtknoten Beere
38%
deutscher Dichter, Essayist und Arzt (Gottfried) Benn
35%
Wurzel, Rübe Beete
34%
Flachs (einen Buchstaben weglassen) Lein
33%
Nebenfluss der Aller Leine
33%
Keine übereinstimmenden Quizze gefunden
Verteilung der Resultate
Anzahl Personen mit jedem Resultat
Perzentil nach korrekt beantworteten Fragen
Ihre Resultats-Entwicklung
Sie haben dieses Quiz noch nicht gespielt